Paroles "My heart will go on" - Céline Dion - Statistiques

Statistiques générales
  • Ce quiz a été pris 552 fois
    443 depuis la dernière actualisation
  • Le résultat moyen est 133 sur 172
Statistiques - réponses
Paroles % Correct
I
99%
my
99%
go
98%
on
98%
you
98%
You
98%
a
96%
heart
95%
will
95%
in
93%
In
93%
And
92%
and
92%
the
89%
feel
87%
dreams
86%
Every
86%
night
86%
That
86%
that
86%
are
85%
see
85%
Far
80%
far
80%
Near
75%
believe
73%
know
73%
for
72%
wherever
72%
to
71%
us
68%
Love
67%
is
66%
here
65%
distance
64%
open
63%
between
62%
door
62%
you're
61%
You're
61%
have
60%
come
58%
Across
57%
more
56%
show
56%
time
56%
one
55%
One
55%
when
55%
how
54%
can
53%
Once
52%
spaces
52%
life
50%
does
49%
touch
45%
last
44%
this
44%
forever
42%
stay
42%
nothing
41%
lifetime
40%
way
40%
there's
38%
fear
36%
loved
36%
was
36%
we're
35%
true
34%
never
33%
we'll
32%
We'll
32%
always
31%
gone
30%
hold
30%
let
29%
safe
28%
til
24%
i'd
13%
Aucun quiz correspondant
Distribution des résultats
% des personnes avec chaque résultat
Percentile par nombre de réponses
Votre historique - résultats
Vous n’avez pas pris ce quiz depuis la dernière actualisation